| 000 -LEADER |
| fixed length control field |
01073nam a2200241Ia 4500 |
| 001 - CONTROL NUMBER |
| control field |
2893 |
| 003 - CONTROL NUMBER IDENTIFIER |
| control field |
GE_BSU |
| 005 - DATE AND TIME OF LATEST TRANSACTION |
| control field |
20221102102929.0 |
| 008 - FIXED-LENGTH DATA ELEMENTS--GENERAL INFORMATION |
| fixed length control field |
181216s1996ru xx |||||||||||||| ||rus|| |
| 020 ## - INTERNATIONAL STANDARD BOOK NUMBER |
| International Standard Book Number |
0029197856 |
| 040 ## - CATALOGING SOURCE |
| Transcribing agency |
GE_BSU |
| 041 ## - LANGUAGE CODE |
| Language code of text/sound track or separate title |
rus |
| Language code of original |
eng |
| 080 ## - UNIVERSAL DECIMAL CLASSIFICATION NUMBER |
| Universal Decimal Classification number |
330+65.01 М-41 |
| 245 ## - TITLE STATEMENT |
| Title |
Экономика для менеджеров: десять важных инструментов для руководителей |
| Remainder of title |
Excutive economics / |
| Statement of responsibility, etc. |
Пер. с англ: Ю.И.Лацинской, науч. ред. И.В. Липсица, И.Б. Буркова и др.] |
| 264 ## - PRODUCTION, PUBLICATION, DISTRIBUTION, MANUFACTURE, AND COPYRIGHT NOTICE |
| Place of production, publication, distribution, manufacture |
Москва : |
| Name of producer, publisher, distributor, manufacturer |
Дело, |
| Date of production, publication, distribution, manufacture, or copyright notice |
1996. |
| 300 ## - PHYSICAL DESCRIPTION |
| Extent |
416 с. : |
| Other physical details |
21 см. |
| 653 ## - INDEX TERM--UNCONTROLLED |
| keyword |
Экономика для менеджеров |
| 653 ## - INDEX TERM--UNCONTROLLED |
| keyword |
ეკონომიკა მენეჯერებისთვის |
| 700 ## - ADDED ENTRY--PERSONAL NAME |
| Personal name |
.Лацинской, Ю.И. |
| Relator term |
მთარგმნელი |
| 9 (RLIN) |
15716 |
| 700 ## - ADDED ENTRY--PERSONAL NAME |
| Personal name |
Липсица, . И.В. |
| Relator term |
რედაქტორი |
| 9 (RLIN) |
15717 |
| 700 ## - ADDED ENTRY--PERSONAL NAME |
| Personal name |
Буркова, И.Б. |
| Relator term |
რედაქტორი |
| 9 (RLIN) |
15718 |
| 942 ## - ADDED ENTRY ELEMENTS (KOHA) |
| Koha item type |
წიგნი |
| Source of classification or shelving scheme |
|